Vlastnosti a spracovanie imisiami a biologicky poškodeného dreva : Obh. 3.6.1991 /

Na minha lista:
Detalhes bibliográficos
Autor principal: Talába, Ján (Author)
Formato: Manuscrito Livro
Idioma:eslovaco
Publicado em: Bratislava : SVŠT v Bratislave ChtF, 1991
Tags: Adicionar Tag
Sem tags, seja o primeiro a adicionar uma tag!

MARC

LEADER 00000ntm a22000003a 4500
001 stu17536
005 20150617225755.9
008 910619s1991----cs------------------slo-d
040 |a STU  |b slo 
041 0 |a slo 
044 |a cs 
100 1 |a Talába, Ján  |4 aut 
245 1 |a Vlastnosti a spracovanie imisiami a biologicky poškodeného dreva :  |b Obh. 3.6.1991 /  |c [aut.]Talába,Ján 
260 |a Bratislava :  |b SVŠT v Bratislave ChtF,  |c 1991 
300 |a 110 s :  |b Obr.,tab.,grafy,lit 
500 |a Špec.:Chémia a technológia dreva, vláknitých materiálov a kompozitov 
996 |b CD10642  |c C*D10642  |l CCI  |s A  |a 24  |w stu17536_0001